00349nam a2200121Ia 4500008004100000041000800041082001500049100001600064245004500080260006200125300002900187365001100216240624s9999 xx 000 0 und d aeng a333.72 YAD aYADAV PAWAN aBUILDING UP GREEN BUSINESS A CONCISE GUI c2014aNew DelhibShroff Publishers & Distributors Pvt Ltd ai, : 262 : p. : cm. ; 22 cRSb30